000 00509nam a22001937a 4500
003 LK-CoMWRAF
005 20231014225601.0
008 231014b1997 |||||||| |||| 00| 0 eng d
020 _a9559552910
040 _aLK-CoMWRAF
_dLK-CoMWRAF
_eLK-CoMWRAF
041 _aeng
082 _a823
_bKUL
100 _aKulatunga, Sita
245 _aThe High chair and cancer days
260 _a Colombo :
_bPasad Books,
_c1997
300 _a [viii], 131p. ; 21 cm
650 _aEnglish Fiction--Sri Lanka
942 _cBK
999 _c3871
_d3871